| 000 | 00858cam a2200241 4500 | ||
|---|---|---|---|
| 001 | ABS62925 | ||
| 008 | 000000n2000 000 0 eng u | ||
| 035 | _a(Sirsi) u108371 | ||
| 100 | _aBriscoe, H | ||
| 245 | _aReplacing lost cash: can it really be done? | ||
| 260 | _c2000 | ||
| 490 |
_aFarmers' Weekly _v133(6) 1 September 2000, 68-69(2) |
||
| 520 | _aConsiders whether MAFF's decision to shift subsidies from production to the environment can ever make up for the lower prices caused by 2.5% modulation. Looks at the Countryside Stewardship Scheme and Environmentally Sensitive Areas. Case studies. | ||
| 590 | _aABS | ||
| 650 | _aGRANTS | ||
| 650 | _aSUBSIDIES | ||
| 650 | _aCOUNTRYSIDE STEWARDSHIP SCHEME | ||
| 650 | _aENVIRONMENTALLY SENSITIVE AREAS | ||
| 650 | _aFUNDING | ||
| 650 | _aFARMERS | ||
| 690 |
_aRural _96268 |
||
| 942 | _n0 | ||
| 999 |
_c64703 _d64703 |
||